[Event "26th EUR-ch"]
[Site "Katowice POL"]
[Date "2026.04.10"]
[Round "4.222"]
[White "Matskevich, Varvara"]
[Black "Hrckova, Anna"]
[Result "1-0"]
[WhiteElo "2073"]
[BlackElo "1778"]
[EventDate "2026.04.07"]
[PlyCount "111"]

1.e4 e6 2.d4 d5 3.Nc3 Bb4 4.e5 c5 5.a3 Bxc3+ 6.bxc3 Ne7 7.Qg4 Nf5 8.Bd3 h5
9.Qf4 Qh4 10.Bxf5 Qxf4 11.Bxf4 exf5 12.Nf3 Nc6 13.dxc5 Bd7 14.Rd1 Rc8 15.
Be3 Na5 16.Nd2 O-O 17.O-O Ba4 18.Rc1 Rfe8 19.Bd4 Nc6 20.f4 Nd8 21.c4 Ne6 
22.c3 dxc4 23.Nxc4 Bb5 24.Nd6 Bxf1 25.Rxf1 Red8 26.Nxc8 Rxc8 27.Rb1 Rc7 
28.g3 Kf8 29.Kf2 Ke8 30.Ke3 Kd8 31.Kd3 Kd7 32.Kc4 Kc6 33.a4 Rd7 34.Be3 Nc7
35.h3 Nd5 36.Bd4 g6 37.Rf1 Ne7 38.Re1 Rd8 39.e6 Rf8 40.Bg7 fxe6 41.Bxf8 
Nc8 42.Rxe6+ Kc7 43.Rxg6 a6 44.Kd5 Na7 45.Rg7+ Kc8 46.Kd6 Kb8 47.Rc7 Ka8 
48.Kd7 Kb8 49.Bd6 Ka8 50.c6 Nxc6 51.Rc8+ Ka7 52.Bc5+ b6 53.Kxc6 bxc5 54.c4
a5 55.h4 Ka6 56.Ra8# 1-0

[Event "26th EUR-ch"]
[Site "Katowice POL"]
[Date "2026.04.10"]
[Round "4.223"]
[White "Bialowas, Maria"]
[Black "Gikas, Andreas Basilius"]
[Result "1/2-1/2"]
[WhiteElo "1671"]
[BlackElo "2072"]
[EventDate "2026.04.07"]
[PlyCount "69"]

1.e4 c5 2.Nf3 a6 3.d3 Nc6 4.g3 e6 5.Bg2 Qc7 6.O-O d6 7.Nbd2 Nf6 8.Re1 Be7 
9.Nf1 O-O 10.h4 Bd7 11.c3 Rac8 12.Qe2 Rfd8 13.Ng5 b5 14.f4 h6 15.Nh3 Bf8 
16.Ne3 Ne7 17.g4 Nh7 18.g5 g6 19.h5 hxg5 20.Nxg5 Nxg5 21.fxg5 e5 22.Rf1 
Be6 23.h6 Qd7 24.Qf3 Kh7 25.Ng4 Ng8 26.Nf6+ Nxf6 27.Qxf6 Qe7 28.Qxe7 Bxe7 
29.Be3 Rf8 30.Rf2 f6 31.gxf6 Rxf6 32.Rxf6 Bxf6 33.Rf1 Be7 34.Bh3 Bxh3 35.
Rf7+ 1/2-1/2

[Event "26th EUR-ch"]
[Site "Katowice POL"]
[Date "2026.04.10"]
[Round "4.224"]
[White "Kulich, Daniel"]
[Black "Stawecki, Bartlomiej"]
[Result "1-0"]
[WhiteElo "2045"]
[BlackElo "1776"]
[EventDate "2026.04.07"]
[PlyCount "41"]

1.e4 c5 2.Nc3 Nc6 3.Bb5 Nd4 4.Nf3 Nxb5 5.Nxb5 Nf6 6.e5 Nd5 7.c4 Nc7 8.Nc3 
d5 9.cxd5 Nxd5 10.Qa4+ Bd7 11.Qc4 Nxc3 12.dxc3 e6 13.Be3 Qc8 14.Ng5 b6 15.
Qf4 f5 16.exf6 g6 17.f7+ Ke7 18.Qe5 Bh6 19.Ne4 Bxe3 20.Qf6+ Kf8 21.Qxh8+ 
1-0

[Event "26th EUR-ch"]
[Site "Katowice POL"]
[Date "2026.04.10"]
[Round "4.225"]
[White "Pozimski, Szymon"]
[Black "Tendera, Jan"]
[Result "1/2-1/2"]
[WhiteElo "2025"]
[BlackElo "1630"]
[EventDate "2026.04.07"]
[PlyCount "50"]

1.Nf3 Nf6 2.c4 e6 3.g3 d5 4.d4 dxc4 5.Qa4+ Nbd7 6.Nc3 a6 7.Bg2 Be7 8.Qxc4 
b5 9.Qd3 Bb7 10.O-O O-O 11.Bg5 h6 12.Bxf6 Nxf6 13.Rad1 c5 14.dxc5 Bxc5 15.
Qxd8 Rfxd8 16.Ne5 Bxg2 17.Kxg2 Rac8 18.e3 Kf8 19.Kf3 Bd6 20.Nd3 Ke7 21.e4 
Nd7 22.Ke3 Be5 23.Ne2 Rc2 24.Nb4 Rc4 25.Nd3 g5 1/2-1/2

[Event "26th EUR-ch"]
[Site "Katowice POL"]
[Date "2026.04.10"]
[Round "4.226"]
[White "Babinska, Liwia"]
[Black "Radzikowski, Dawid"]
[Result "0-1"]
[WhiteElo "1763"]
[BlackElo "2007"]
[EventDate "2026.04.07"]
[PlyCount "60"]

1.e4 e5 2.Nf3 Nc6 3.Bc4 Bc5 4.c3 Qf6 5.b4 Bb6 6.a4 a6 7.d3 Nge7 8.O-O d6 
9.Ng5 h6 10.Nf3 Bg4 11.Nbd2 g5 12.Bd5 Nxd5 13.exd5 Ne7 14.Ne4 Qg7 15.h3 
Bd7 16.Be3 f5 17.Ned2 Bxe3 18.fxe3 Nxd5 19.Qb3 Nxe3 20.Rf2 g4 21.hxg4 Nxg4
22.Re2 O-O-O 23.b5 a5 24.b6 Bc6 25.bxc7 Qxc7 26.Nh4 Rhf8 27.d4 d5 28.Ng6 
exd4 29.Nxf8 Qh2+ 30.Kf1 Qh1# 0-1

[Event "26th EUR-ch"]
[Site "Katowice POL"]
[Date "2026.04.10"]
[Round "4.227"]
[White "Varney, Zoe"]
[Black "Truchel, Tomasz"]
[Result "0-1"]
[WhiteElo "1988"]
[BlackElo "1698"]
[EventDate "2026.04.07"]
[PlyCount "60"]

1.e4 e5 2.Nf3 Nc6 3.Bb5 Bc5 4.c3 a6 5.Bxc6 dxc6 6.Nxe5 Qg5 7.O-O Qxe5 8.d4
Qe7 9.dxc5 Qxc5 10.Be3 Qe7 11.Re1 Be6 12.f4 Rd8 13.Qe2 Bc8 14.Nd2 Nf6 15.
h3 O-O 16.Qf2 b6 17.Bd4 c5 18.Bxf6 Qxf6 19.e5 Qg6 20.Re3 Rd3 21.Rae1 Rfd8 
22.Ne4 Bxh3 23.Rxd3 Rxd3 24.Ng5 Bf5 25.Qe2 h6 26.Nf3 Qg3 27.Rd1 c4 28.b3 
Qxf4 29.bxc4 Qxc4 30.Nd4 Rxd4 0-1

[Event "26th EUR-ch"]
[Site "Katowice POL"]
[Date "2026.04.10"]
[Round "4.228"]
[White "Dovbysh, Timur"]
[Black "Zyznowski, Adam"]
[Result "1-0"]
[WhiteElo "1984"]
[BlackElo "1599"]
[EventDate "2026.04.07"]
[PlyCount "113"]

1.e4 c5 2.Nc3 g6 3.d4 cxd4 4.Qxd4 Nf6 5.Nf3 Nc6 6.Qa4 d6 7.e5 dxe5 8.Nxe5 
Bd7 9.Nxd7 Nxd7 10.Be3 Bg7 11.Be2 Nb6 12.Qb5 O-O 13.Rd1 Qc7 14.O-O Rfd8 
15.Qc5 Qe5 16.Rxd8+ Rxd8 17.Rd1 Rxd1+ 18.Nxd1 Qxc5 19.Bxc5 Na4 20.Ba3 a6 
21.c3 Kf8 22.Ne3 Ke8 23.Kf1 b5 24.Nd5 Kd7 25.Ke1 e6 26.Nf4 Na5 27.Kd1 Nb6 
28.Kc2 Nac4 29.Bb4 a5 30.Bxc4 Nxc4 31.b3 axb4 32.bxc4 Bxc3 33.cxb5 Kc7 34.
Nd3 Kb6 35.a4 Ka5 36.Kb3 e5 37.f3 f5 38.Nc1 h5 39.Ne2 Be1 40.Nc1 g5 41.Nd3
Bc3 42.Nc5 Kb6 43.Kc4 g4 44.Nb3 e4 45.a5+ Kc7 46.fxe4 fxe4 47.Nc5 e3 48.
Kd3 Be5 49.h3 gxh3 50.gxh3 Bh2 51.Nb3 Bg1 52.Nd4 Bf2 53.Kc4 Be1 54.b6+ Kb7
55.Kb5 Ka8 56.a6 Bg3 57.b7+ 1-0

[Event "26th EUR-ch"]
[Site "Katowice POL"]
[Date "2026.04.10"]
[Round "4.229"]
[White "Janik, Albert"]
[Black "Malinowski, Damian"]
[Result "0-1"]
[WhiteElo "1668"]
[BlackElo "1984"]
[EventDate "2026.04.07"]
[PlyCount "94"]

1.e4 c6 2.d4 d5 3.f3 e6 4.Bd3 b6 5.e5 Ba6 6.Be3 Qc8 7.c3 Bxd3 8.Qxd3 Qa6 
9.Qc2 c5 10.Ne2 Nd7 11.O-O Rc8 12.Qd2 Ne7 13.Ng3 h5 14.h4 Ng6 15.Qf2 f5 
16.Bg5 Qd3 17.Na3 cxd4 18.Rad1 Qa6 19.cxd4 Bxa3 20.bxa3 f4 21.Nh1 Qxa3 22.
Rfe1 O-O 23.Qd2 Qc3 24.Nf2 b5 25.Nh3 Nb6 26.Qxc3 Rxc3 27.Rc1 Rc4 28.Rxc4 
dxc4 29.Nf2 Nd5 30.Ne4 a5 31.Nc5 Re8 32.Nb7 Ra8 33.Nd6 Rb8 34.Rb1 c3 35.
Kf2 Nb4 36.a3 c2 37.Ra1 c1=Q 38.Rxc1 Nd3+ 39.Ke2 Nxc1+ 40.Kd2 Na2 41.d5 b4
42.axb4 axb4 43.Kc2 b3+ 44.Kb2 Nxe5 45.Ka3 b2 46.dxe6 b1=Q 47.e7 Qb3# 0-1

[Event "26th EUR-ch"]
[Site "Katowice POL"]
[Date "2026.04.10"]
[Round "4.230"]
[White "Golsta, Madara"]
[Black "Gospodarczyk, Wlodzimierz"]
[Result "1-0"]
[WhiteElo "2008"]
[BlackElo "1727"]
[EventDate "2026.04.07"]
[PlyCount "105"]

1.e4 e5 2.Nf3 Nc6 3.Nc3 d6 4.d4 exd4 5.Nxd4 Nf6 6.Bb5 Bd7 7.Bxc6 bxc6 8.
Qf3 c5 9.Nf5 Rb8 10.O-O Bxf5 11.Qxf5 Qd7 12.Qf3 Be7 13.Rd1 Qe6 14.b3 O-O 
15.Bb2 c4 16.Nd5 Nxd5 17.Rxd5 cxb3 18.axb3 c6 19.Rda5 Rb4 20.Qc3 Bf6 21.
Qxb4 Bxb2 22.Rb1 c5 23.Qc4 Bd4 24.Qxe6 fxe6 25.Rf1 Rf7 26.Ra4 d5 27.exd5 
exd5 28.b4 cxb4 29.Rxb4 Bb6 30.Rb3 Rc7 31.Rc1 Rf7 32.Rf3 Rxf3 33.gxf3 d4 
34.Rb1 Kf7 35.Kf1 Ke6 36.Ke2 g5 37.Kd3 Kd5 38.Rg1 h6 39.f4 Bd8 40.fxg5 
hxg5 41.Re1 a5 42.Re8 Bc7 43.h3 Bd6 44.Ra8 Bc7 45.Ra7 Kc6 46.Kc4 Kb6 47.
Ra8 Kc6 48.Kxd4 Kb5 49.c4+ Kb4 50.c5 a4 51.Ra7 Ba5 52.Rb7+ Ka3 53.c6 1-0

[Event "26th EUR-ch"]
[Site "Katowice POL"]
[Date "2026.04.10"]
[Round "4.231"]
[White "Malecki, Rafal"]
[Black "Gawronski, Michal"]
[Result "1-0"]
[WhiteElo "1992"]
[BlackElo "1717"]
[EventDate "2026.04.07"]
[PlyCount "99"]

1.Nf3 d5 2.g3 Nf6 3.Bg2 Bf5 4.O-O c6 5.d3 e6 6.b3 Bd6 7.Bb2 Nbd7 8.Nbd2 e5
9.Nh4 Bg4 10.h3 Be6 11.e4 O-O 12.Qe2 h6 13.Rfe1 Nh7 14.Nf1 Ng5 15.Nf5 Bxf5
16.exf5 Re8 17.h4 Nh7 18.Ne3 Bb4 19.Red1 Nb6 20.Ng4 Nd7 21.Nxh6+ gxh6 22.
Qg4+ Kh8 23.Qxb4 Nb6 24.Re1 d4 25.Re2 a5 26.Qc5 f6 27.Rae1 Rg8 28.Kh2 Qc7 
29.a4 Rg7 30.Bc1 Nd7 31.Qc4 Nb6 32.Qc5 Nd7 33.Qa3 Nhf8 34.Bxh6 Rh7 35.Qc1 
Nc5 36.Bf3 e4 37.Bf4 Qf7 38.Bxe4 Qh5 39.Bd6 Nxe4 40.Rxe4 Nd7 41.Qf4 Rg7 
42.Rxd4 c5 43.Rde4 Rag8 44.R1e3 b5 45.axb5 Nb6 46.Qf3 Rg4 47.Bxc5 Nd5 48.
Rxg4 Qxg4 49.Qxd5 Qd1 50.Qf3 1-0

[Event "26th EUR-ch"]
[Site "Katowice POL"]
[Date "2026.04.10"]
[Round "4.232"]
[White "Dovzhenko, Oleksandr"]
[Black "Szczypka, Sebastian"]
[Result "1-0"]
[WhiteElo "1990"]
[BlackElo "1717"]
[EventDate "2026.04.07"]
[PlyCount "99"]

1.e4 c5 2.b4 cxb4 3.a3 bxa3 4.Nxa3 e6 5.Bb2 Nf6 6.e5 Nd5 7.Nb5 Bc5 8.d4 
Be7 9.Bd3 O-O 10.h4 f5 11.exf6 Rxf6 12.Qh5 g6 13.Qg4 Rf4 14.Qe2 Nc6 15.h5 
g5 16.g3 Rf7 17.c4 Ndb4 18.Bg6 Rg7 19.d5 Bf6 20.dxc6 Bxb2 21.Qxb2 dxc6 22.
Qxb4 cxb5 23.Rd1 Qc7 24.Qxb5 Bd7 25.Qxg5 hxg6 26.hxg6 Qxc4 27.Ne2 Qb4+ 28.
Kf1 Qb3 29.Re1 Bc6 30.Rh6 Rf8 31.Qh5 Rxf2+ 32.Kxf2 Kf8 33.Rh8+ Ke7 34.Rh7 
Qb6+ 35.Kf1 Qe3 36.Rxg7+ Kd6 37.Rf7 Qe4 38.Rd1+ Bd5 39.Rxd5+ exd5 40.g7 
Qb1+ 41.Kf2 Qb6+ 42.Kg2 Qe3 43.g8=Q Qe4+ 44.Qf3 Qxf3+ 45.Rxf3 b5 46.Qf8+ 
Kc6 47.Rf6+ Kd7 48.Qd6+ Kc8 49.Rf7 a5 50.Qc7# 1-0

[Event "26th EUR-ch"]
[Site "Katowice POL"]
[Date "2026.04.10"]
[Round "4.233"]
[White "Pilch, Anna"]
[Black "Kasperczyk, Szymon"]
[Result "1/2-1/2"]
[WhiteElo "1699"]
[BlackElo "1910"]
[EventDate "2026.04.07"]
[PlyCount "119"]

1.e4 c5 2.Nf3 d6 3.d4 cxd4 4.Nxd4 Nf6 5.Nc3 Nc6 6.Nf3 a6 7.a4 g6 8.Bd3 Bg7
9.O-O O-O 10.Re1 Nb4 11.Rb1 Bd7 12.h3 Rc8 13.Bd2 Bc6 14.Ne2 Nxd3 15.cxd3 
b5 16.Ned4 Qb6 17.Nxc6 Rxc6 18.Be3 Qb7 19.axb5 axb5 20.Qb3 Nd7 21.Nd4 Bxd4
22.Bxd4 e5 23.Be3 Rfc8 24.Rec1 Rxc1+ 25.Rxc1 Rxc1+ 26.Bxc1 Nc5 27.Qc2 Qa8 
28.Kf1 Kf8 29.f4 Qa4 30.Qxa4 Nxa4 31.g3 Ke7 32.Ke2 Ke6 33.b3 Nc5 34.b4 Na6
35.Bd2 exf4 36.gxf4 Nb8 37.Ke3 Nc6 38.Bc3 d5 39.Kf3 Ne7 40.Ke3 dxe4 41.
dxe4 f5 42.Be1 Kd6 43.Bd2 Nc8 44.Kd4 Ne7 45.Ke3 Nc6 46.Bc3 Ke6 47.Kd3 h6 
48.Ke3 Ne7 49.Kd4 Kd6 50.Ke3 Nc6 51.Kd3 Ke6 52.Ke3 Kd6 53.h4 Ke6 54.Kf3 
Ne7 55.Ke3 Nc6 56.Bd2 h5 57.Kd3 Kd6 58.Bc3 Ke6 59.Bd2 Kd6 60.Bc1 1/2-1/2

[Event "26th EUR-ch"]
[Site "Katowice POL"]
[Date "2026.04.10"]
[Round "4.234"]
[White "Kozera, Patryk"]
[Black "Madera, Mateusz"]
[Result "1/2-1/2"]
[WhiteElo "1694"]
[BlackElo "1902"]
[EventDate "2026.04.07"]
[PlyCount "81"]

1.e4 d6 2.d4 Nf6 3.Nc3 g6 4.Bg5 Bg7 5.Qd2 c6 6.O-O-O O-O 7.h4 b5 8.f3 a5 
9.g4 Nbd7 10.h5 Re8 11.hxg6 fxg6 12.e5 b4 13.exf6 bxc3 14.f7+ Kxf7 15.Qxc3
Kg8 16.Qxc6 Rb8 17.Bc4+ Kh8 18.Qe4 Nf8 19.Bf7 Qb6 20.b3 Bb7 21.Qe3 Rec8 
22.Rd2 e5 23.dxe5 Qxe3 24.Bxe3 Bxe5 25.Rh3 Kg7 26.Bc4 Rd8 27.f4 Bc3 28.Rd3
Bf6 29.g5 Ba1 30.c3 d5 31.Bd4+ Kg8 32.Bb5 Bc8 33.Bf6 Bxh3 34.Bxd8 Bf5 35.
Rxd5 Bxc3 36.Bc4 Be6 37.Rd3 Bb4 38.Bf6 Bxc4 39.bxc4 Rc8 40.Be5 Rxc4+ 41.
Kb2 1/2-1/2

[Event "26th EUR-ch"]
[Site "Katowice POL"]
[Date "2026.04.10"]
[Round "4.235"]
[White "Domoradzki, Tomasz"]
[Black "Spanos, Nomikos"]
[Result "0-1"]
[WhiteElo "1662"]
[BlackElo "1885"]
[EventDate "2026.04.07"]
[PlyCount "164"]

1.e4 e5 2.Nf3 Nc6 3.d4 exd4 4.Bc4 Nf6 5.O-O Nxe4 6.Re1 d5 7.Bxd5 Qxd5 8.
Nc3 Qd7 9.Nxe4 Be7 10.Bg5 O-O 11.Bxe7 Qxe7 12.Nxd4 Nxd4 13.Qxd4 Be6 14.Nc5
Rad8 15.Qc3 b6 16.Nxe6 fxe6 17.Re2 Rd6 18.Rae1 Qd7 19.h3 c5 20.Qc4 Rf6 21.
c3 Qc6 22.Qe4 Qd7 23.b4 cxb4 24.cxb4 Rd5 25.a3 h6 26.Rc1 Rd1+ 27.Rxd1 
Qxd1+ 28.Re1 Qd2 29.Re2 Qc1+ 30.Kh2 Qxa3 31.Rc2 Qb3 32.Rc8+ Rf8 33.Rc7 Qd5
34.Qxd5 exd5 35.Rxa7 Rxf2 36.Rb7 Rf6 37.Rd7 Rf4 38.b5 d4 39.g3 Rf2+ 40.Kg1
Rb2 41.Rxd4 Rxb5 42.h4 Rb2 43.g4 Rc2 44.Rb4 Rc6 45.Kf2 Kf7 46.Rb5 Ke6 47.
Ke3 Kd6 48.Kd4 Kc7 49.Rf5 Rf6 50.Re5 Rf4+ 51.Kc3 Rxg4 52.Re7+ Kd6 53.Rb7 
Kc6 54.Rf7 b5 55.h5 Kd5 56.Rf5+ Kc6 57.Re5 Rg5 58.Re7 Kd6 59.Rb7 Ke6 60.
Kd3 Kf6 61.Rb6+ Kf7 62.Rb7+ Kg8 63.Ke3 Rxh5 64.Kf4 Rc5 65.Ke4 Kh7 66.Kf4 
h5 67.Kg3 Kh6 68.Rb6+ Kg5 69.Rb7 g6 70.Rb8 Kf5 71.Kh4 Rc4+ 72.Kg3 b4 73.
Rb5+ Kf6 74.Rb6+ Kg7 75.Kf2 h4 76.Kg2 Kh6 77.Kh3 Kh5 78.Rb8 Rc3+ 79.Kg2 b3
80.Kh1 Rc1+ 81.Kh2 Rc2+ 82.Kh1 b2 0-1

[Event "26th EUR-ch"]
[Site "Katowice POL"]
[Date "2026.04.10"]
[Round "4.236"]
[White "Ivanauskas, Deividas"]
[Black "Babczynski, Zbigniew"]
[Result "1-0"]
[WhiteElo "1883"]
[BlackElo "1622"]
[EventDate "2026.04.07"]
[PlyCount "87"]

1.d4 Nf6 2.Nf3 g6 3.c3 Bg7 4.Bg5 d6 5.Nbd2 Nbd7 6.e3 O-O 7.Be2 Re8 8.O-O 
Nf8 9.Re1 h6 10.Bh4 Bf5 11.Qb3 Qd7 12.Rad1 g5 13.Bg3 Ne6 14.Qa3 Ne4 15.
Nxe4 Bxe4 16.Nd2 Bc2 17.Rc1 Bg6 18.Bf3 c6 19.Red1 f5 20.d5 Nc5 21.Nf1 Qc8 
22.dxc6 bxc6 23.Bxd6 exd6 24.Rxd6 Re6 25.Qxc5 Bf8 26.Rxe6 Bxc5 27.Rxg6+ 
Kf7 28.Rxc6 Qf8 29.Rxc5 Qxc5 30.Bxa8 g4 31.g3 Qb5 32.b4 Qe2 33.c4 Qb2 34.
Rd1 Qxb4 35.Rd7+ Kf8 36.Rd8+ Ke7 37.Rc8 a5 38.Bd5 Qb2 39.c5 Qe5 40.Bb7 Qb2
41.c6 Kd6 42.Rd8+ Kc7 43.Rd7+ Kb8 44.Ba6 1-0

[Event "26th EUR-ch"]
[Site "Katowice POL"]
[Date "2026.04.10"]
[Round "4.237"]
[White "Kaplanova, Dominika"]
[Black "Galuszka, Leon"]
[Result "1-0"]
[WhiteElo "1869"]
[BlackElo "1595"]
[EventDate "2026.04.07"]
[PlyCount "85"]

1.e4 c6 2.d4 d5 3.Nd2 dxe4 4.Nxe4 Nf6 5.Nxf6+ exf6 6.Be3 Bd6 7.Bd3 O-O 8.
Ne2 Re8 9.O-O Qc7 10.h3 Nd7 11.c4 Nf8 12.Qc2 Bd7 13.c5 Be7 14.Bf4 Qc8 15.
Rfe1 Bd8 16.b4 Bc7 17.Bxc7 Qxc7 18.Nc3 Be6 19.Ne4 g6 20.Nxf6+ Kg7 21.Nxe8+
Rxe8 22.Qb2 Kg8 23.b5 Qf4 24.bxc6 bxc6 25.Re4 Qg5 26.Re5 Qf4 27.Rae1 Rd8 
28.R5e4 Qc7 29.Qc3 Nd7 30.Bc4 Nf6 31.R4e2 Bd5 32.Bxd5 Rxd5 33.Qf3 Rf5 34.
Qe3 Nd5 35.Qe8+ Kg7 36.Re5 Rf6 37.Rb1 Re6 38.Rxe6 fxe6 39.Qxe6 Nf4 40.Qe5+
Qxe5 41.dxe5 Ne2+ 42.Kf1 Nc3 43.Rb7+ 1-0

[Event "26th EUR-ch"]
[Site "Katowice POL"]
[Date "2026.04.10"]
[Round "4.238"]
[White "Pietrzak, Wojciech"]
[Black "Jaworski, Pawel"]
[Result "1-0"]
[WhiteElo "1854"]
[BlackElo "1566"]
[EventDate "2026.04.07"]
[PlyCount "81"]

1.e3 c5 2.c4 Nf6 3.Nc3 a6 4.b3 Nc6 5.Bb2 d6 6.Be2 Bf5 7.d3 h6 8.Nf3 e6 9.
O-O Be7 10.h3 Qd7 11.d4 O-O 12.d5 Ne5 13.Nh4 Bh7 14.f4 Ne4 15.Nxe4 Bxe4 
16.fxe5 exd5 17.Nf3 f5 18.cxd5 dxe5 19.d6 Bf6 20.Bc4+ Kh8 21.Rf2 Rae8 22.
Bd5 Bxf3 23.Bxf3 e4 24.Bh5 Re6 25.Bxf6 Rfxf6 26.Qc2 g6 27.Be2 Qxd6 28.Bc4 
Qe5 29.Rd1 Rd6 30.Rfd2 Kh7 31.Bd5 b6 32.b4 Qg3 33.Qc3 Rf8 34.Bg8+ Kxg8 35.
Rxd6 cxb4 36.Qb3+ Kh8 37.Rd7 a5 38.Qb2+ Qe5 39.Qxe5+ Rf6 40.Qxf6+ Kg8 41.
Qg7# 1-0

[Event "26th EUR-ch"]
[Site "Katowice POL"]
[Date "2026.04.10"]
[Round "4.239"]
[White "Zieba, Franciszek"]
[Black "Sowa, Maciej"]
[Result "1-0"]
[WhiteElo "1846"]
[BlackElo "1544"]
[EventDate "2026.04.07"]
[PlyCount "153"]

1.d4 Nf6 2.c4 c5 3.d5 b5 4.cxb5 a6 5.bxa6 Bxa6 6.Nc3 d6 7.e4 Bxf1 8.Kxf1 
Nbd7 9.Nf3 g6 10.g3 Bg7 11.Kg2 O-O 12.h3 Qa5 13.Be3 Rfb8 14.Qc2 Ne8 15.
Rhb1 Nc7 16.a4 Ne5 17.Nd2 Qa6 18.Ra3 Nc4 19.Nxc4 Qxc4 20.Bd2 f5 21.b3 Qd4 
22.Re1 Rf8 23.f3 Na6 24.Ne2 Qb2 25.Qxb2 Bxb2 26.Ra2 fxe4 27.fxe4 Bf6 28.
Nf4 Rfb8 29.Re3 Nb4 30.Bxb4 Rxb4 31.Ne6 c4 32.bxc4 Raxa4 33.Rxa4 Rxa4 34.
c5 dxc5 35.e5 Bg7 36.d6 exd6 37.exd6 Ra2+ 38.Kf3 Rd2 39.Ng5 Rxd6 40.Re8+ 
Bf8 41.Rc8 h6 42.Ne4 Rd1 43.Rc6 Kf7 44.Rf6+ Kg7 45.Rc6 Kf7 46.Ke2 Rc1 47.
Rf6+ Kg7 48.Ra6 Rb1 49.Ra7+ Kh8 50.Nf6 Bg7 51.Ra8+ Bf8 52.Nd7 Kg7 53.Nxf8 
c4 54.Ne6+ Kf6 55.Nd4 c3 56.Rc8 g5 57.Rxc3 Rh1 58.g4 Ke5 59.Nf5 Rh2+ 60.
Kf1 h5 61.Kg1 Ra2 62.Rc5+ Kf4 63.gxh5 Ra1+ 64.Kf2 Ra2+ 65.Ke1 Rh2 66.h4 
gxh4 67.Nxh4 Ke3 68.Nf5+ Kf4 69.Ng7 Kg4 70.Rc6 Kg5 71.Rg6+ Kf4 72.Kf1 Kf3 
73.Kg1 Rh4 74.h6 Rh3 75.Ne6 Rh5 76.Nf8 Rf5 77.h7 1-0

[Event "26th EUR-ch"]
[Site "Katowice POL"]
[Date "2026.04.10"]
[Round "4.240"]
[White "Zychon, Rozalia"]
[Black "Trybus, Dominika"]
[Result "0-1"]
[WhiteElo "1473"]
[BlackElo "1841"]
[EventDate "2026.04.07"]
[PlyCount "46"]

1.c4 Nf6 2.Nf3 g6 3.g3 Bg7 4.Bg2 d6 5.Nc3 O-O 6.O-O c6 7.d3 Nbd7 8.Qc2 e5 
9.Rb1 Ne8 10.e4 f5 11.Bg5 Qc7 12.exf5 gxf5 13.Bh4 Nef6 14.Rbd1 Kh8 15.Ng5 
Nb6 16.f4 Ng4 17.Qd2 e4 18.Ne2 d5 19.h3 exd3 20.hxg4 dxe2 21.Qxe2 Nxc4 22.
Ne6 Bxe6 23.Qxe6 Rae8 0-1

[Event "26th EUR-ch"]
[Site "Katowice POL"]
[Date "2026.04.10"]
[Round "4.241"]
[White "Karpov, Vladyslav"]
[Black "Lewinski, Leon"]
[Result "1-0"]
[WhiteElo "1828"]
[BlackElo "1541"]
[EventDate "2026.04.07"]
[PlyCount "101"]

1.Nf3 c5 2.g3 d6 3.Bg2 Nf6 4.O-O g6 5.d4 cxd4 6.Nxd4 Bg7 7.c4 O-O 8.Nc3 
Qc7 9.b3 a6 10.Bg5 Nc6 11.Bxf6 Bxf6 12.Nd5 Qd8 13.Nxf6+ exf6 14.Nxc6 bxc6 
15.Bxc6 Ra7 16.Qd4 Rc7 17.Bg2 Qe7 18.e3 Bb7 19.Rad1 Bxg2 20.Kxg2 Rd8 21.
Rd2 Qe5 22.Rfd1 Qxd4 23.Rxd4 Rc6 24.c5 Rxc5 25.Rxd6 Rxd6 26.Rxd6 Ra5 27.a4
f5 28.Kf3 Kf8 29.Ke2 Ke7 30.Rb6 h5 31.Kd3 Rd5+ 32.Kc3 Rc5+ 33.Kd4 Rc2 34.
Rxa6 Rxf2 35.b4 Rxh2 36.b5 Rb2 37.b6 g5 38.Ke5 h4 39.gxh4 gxh4 40.Ra7+ Kd8
41.a5 h3 42.Rxf7 h2 43.Rh7 Kc8 44.Kd6 Rd2+ 45.Kc6 Rc2+ 46.Kb5 Rb2+ 47.Ka6 
Rb1 48.Rxh2 Rb3 49.Ka7 Rb5 50.a6 Re5 51.b7+ 1-0

[Event "26th EUR-ch"]
[Site "Katowice POL"]
[Date "2026.04.10"]
[Round "4.242"]
[White "Wesolowski, Jeremi"]
[Black "Szymura, Oliwia"]
[Result "1-0"]
[WhiteElo "1828"]
[BlackElo "1516"]
[EventDate "2026.04.07"]
[PlyCount "55"]

1.e4 c5 2.Nf3 g6 3.d4 cxd4 4.Nxd4 Bg7 5.Be3 Nc6 6.Nc3 Nf6 7.Bc4 O-O 8.Bb3 
d6 9.f3 Qa5 10.Qd2 Rd8 11.O-O-O Nd7 12.h4 Nc5 13.Kb1 Nxd4 14.Bxd4 Nxb3 15.
axb3 Bxd4 16.Qxd4 Be6 17.h5 Qe5 18.hxg6 hxg6 19.Qe3 Kf8 20.Rh7 Ke8 21.f4 
Qa5 22.Nd5 Rac8 23.f5 gxf5 24.Qg5 Bxd5 25.exd5 Rc5 26.Qxf5 f6 27.Rh8+ Kf7 
28.Qh7# 1-0

[Event "26th EUR-ch"]
[Site "Katowice POL"]
[Date "2026.04.10"]
[Round "4.243"]
[White "Sopel, Jonatan Jan"]
[Black "Rudowski, Szymon"]
[Result "1/2-1/2"]
[WhiteElo "1433"]
[BlackElo "1809"]
[EventDate "2026.04.07"]
[PlyCount "85"]

1.e4 c5 2.d3 Nc6 3.Be3 Nf6 4.Nd2 d6 5.Ngf3 e5 6.Be2 h6 7.c3 Ng4 8.h3 Nxe3 
9.fxe3 Be7 10.O-O O-O 11.Qe1 d5 12.exd5 Qxd5 13.Qg3 Bd6 14.Ne4 f5 15.Nxd6 
Qxd6 16.Nd2 Be6 17.Nf3 Rad8 18.Rad1 Bxa2 19.Nh4 Be6 20.Bf3 f4 21.exf4 exf4
22.Qf2 b6 23.Qc2 Rf6 24.Qa4 Ne7 25.Qxa7 g5 26.d4 gxh4 27.Kh1 Rdf8 28.dxc5 
Qxc5 29.b4 Nc8 30.bxc5 Nxa7 31.cxb6 Nb5 32.b7 Nxc3 33.Ra1 Bd5 34.Rfc1 Bxf3
35.gxf3 Rb6 36.Rxc3 Rxb7 37.Ra6 Rb1+ 38.Kg2 Rb2+ 39.Kg1 Rd8 40.Rc1 Kg7 41.
Rc7+ Kg8 42.Rg6+ Kf8 43.Rf6+ 1/2-1/2

[Event "26th EUR-ch"]
[Site "Katowice POL"]
[Date "2026.04.10"]
[Round "4.249"]
[White "Nowak, Lukasz"]
[Black "Chmiel, Dominika"]
[Result "1-0"]
[WhiteElo "2166"]
[BlackElo "1932"]
[EventDate "2026.04.07"]
[PlyCount "121"]

1.d4 Nf6 2.c4 g6 3.Nc3 Bg7 4.e4 d6 5.h3 O-O 6.Be3 c5 7.Nf3 cxd4 8.Nxd4 Nc6
9.Be2 a6 10.O-O Qc7 11.Rc1 Nxd4 12.Bxd4 Qa5 13.Qd3 Be6 14.f4 Rac8 15.b3 
Bd7 16.a4 Bc6 17.Bf3 Rfd8 18.Nd5 Nxd5 19.exd5 Bd7 20.Bxg7 Kxg7 21.Rfe1 Re8
22.Bg4 f5 23.Bf3 h5 24.Re3 Kf7 25.Rce1 b5 26.cxb5 axb5 27.Qe2 Qd8 28.a5 b4
29.Bxh5 Rc3 30.Re6 Rg3 31.Kh2 Bxe6 32.Qxe6+ Kg7 33.Kxg3 gxh5 34.Qxf5 Rh8 
35.Re6 Rh7 36.Rg6+ Kh8 37.a6 Rg7 38.Qxh5+ Kg8 39.Qg5 Rxg6 40.Qxg6+ Kf8 41.
Qh6+ Kf7 42.Qe6+ Kf8 43.a7 Qa8 44.Qd7 Kf7 45.Qc7 Qg8+ 46.Kh2 Qh8 47.Qc4 
Qa1 48.Qxb4 Qxa7 49.Qc4 Qe3 50.b4 Kf6 51.b5 Qd2 52.Qe4 Kf7 53.Qe6+ Kf8 54.
Qf5+ Ke8 55.h4 Qf2 56.Kh3 Qe3+ 57.g3 Qf2 58.h5 Qf1+ 59.Kh4 Qxb5 60.h6 Qb2 
61.Kg5 1-0

[Event "26th EUR-ch"]
[Site "Katowice POL"]
[Date "2026.04.12"]
[Round "5.1"]
[White "Iturrizaga Bonelli, Eduardo"]
[Black "Hovhannisian, Robert"]
[Result "1/2-1/2"]
[WhiteElo "2575"]
[BlackElo "2621"]
[EventDate "2026.04.07"]
[PlyCount "80"]

1.c4 e6 2.g3 d5 3.Bg2 d4 4.Nf3 Nc6 5.O-O Bc5 6.d3 Nf6 7.Nbd2 O-O 8.Nb3 Be7
9.e3 dxe3 10.Bxe3 Ng4 11.Bc5 Bxc5 12.Nxc5 b6 13.Nh4 Nge5 14.d4 bxc5 15.
dxe5 Qd5 16.Qd2 Qxd2 17.Rfe1 Qd1 18.Rexd1 Bb7 19.Nf3 Rfd8 20.Ne1 Na5 21.b3
Bxg2 22.Kxg2 Kf8 23.Nd3 Nb7 24.Kf3 a5 25.Nb2 Rd4 26.Rxd4 cxd4 27.Ke4 c5 
28.h4 h5 29.Rb1 Ke7 30.Nd3 f6 31.a3 fxe5 32.Nxe5 Nd6+ 33.Kd3 Nf7 34.Nxf7 
Kxf7 35.Re1 Ke7 36.f4 Kd6 37.a4 Rb8 38.Kc2 Rf8 39.Re5 Rf5 40.Rxf5 exf5 
1/2-1/2

[Event "26th EUR-ch"]
[Site "Katowice POL"]
[Date "2026.04.12"]
[Round "5.2"]
[White "Gavrilescu, David"]
[Black "Anton Guijarro, David"]
[Result "1/2-1/2"]
[WhiteElo "2545"]
[BlackElo "2656"]
[EventDate "2026.04.07"]
[PlyCount "137"]

1.e4 e5 2.Nf3 Nc6 3.d4 exd4 4.Nxd4 Nf6 5.Nxc6 bxc6 6.e5 Qe7 7.Qe2 Nd5 8.g3
Nb6 9.Nc3 d5 10.exd6 Qxe2+ 11.Bxe2 cxd6 12.O-O d5 13.Re1 Be6 14.Ba6 Kd7 
15.Ne2 Na4 16.Nd4 Rb8 17.Bf1 Bc5 18.Nxe6 fxe6 19.Bh3 Rbe8 20.Kg2 Rhf8 21.
f3 Bd4 22.Rb1 Kd6 23.c3 Bf6 24.Bf4+ e5 25.Bd2 h6 26.b3 Nc5 27.Be3 e4 28.
fxe4 Nxe4 29.c4 Bg5 30.cxd5 Bxe3 31.Rxe3 cxd5 32.Rd1 Re5 33.a4 a5 34.Bg4 
Nf6 35.Rxe5 Kxe5 36.Bf3 Rc8 37.Rd2 g5 38.h3 Ne4 39.Rb2 Rb8 40.h4 gxh4 41.
gxh4 Nc3 42.Kf1 Rb4 43.Rg2 Rxh4 44.Rg6 Rf4 45.Kg2 Rf6 46.Rg8 Ra6 47.Kf2 
Kd4 48.Rd8 Ne4+ 49.Ke2 Rb6 50.Bxe4 Kxe4 51.Ra8 Rxb3 52.Rxa5 h5 53.Ra8 h4 
54.Rh8 h3 55.Rh4+ Kf5 56.Kf2 Ra3 57.Rh5+ Ke4 58.Rh4+ Ke5 59.a5 d4 60.a6 
Kd5 61.Ke2 Kc4 62.a7 Ra2+ 63.Ke1 Ra1+ 64.Kd2 Ra2+ 65.Ke1 Rxa7 66.Rxh3 d3 
67.Rh8 Ra1+ 68.Kd2 Ra2+ 69.Kd1 1/2-1/2

[Event "26th EUR-ch"]
[Site "Katowice POL"]
[Date "2026.04.12"]
[Round "5.3"]
[White "Kantor, Gergely"]
[Black "Suleymanli, Aydin"]
[Result "1/2-1/2"]
[WhiteElo "2544"]
[BlackElo "2653"]
[EventDate "2026.04.07"]
[PlyCount "31"]

1.e4 c6 2.d4 d5 3.e5 c5 4.Nf3 cxd4 5.Qxd4 Nc6 6.Qf4 g6 7.Nc3 d4 8.Nb5 Bh6 
9.Qh4 Bxc1 10.Rxc1 a6 11.Nbxd4 Nxe5 12.Be2 Nxf3+ 13.Nxf3 Qa5+ 14.c3 Nf6 
15.Qh6 Rg8 16.Qf4 1/2-1/2

[Event "26th EUR-ch"]
[Site "Katowice POL"]
[Date "2026.04.12"]
[Round "5.4"]
[White "Sargsian, Shant"]
[Black "Kosakowski, Jakub"]
[Result "1/2-1/2"]
[WhiteElo "2647"]
[BlackElo "2533"]
[EventDate "2026.04.07"]
[PlyCount "64"]

1.Nf3 Nf6 2.c4 e6 3.b3 d5 4.e3 dxc4 5.Bxc4 a6 6.Bb2 Be7 7.O-O b6 8.d4 Bb7 
9.Qe2 Nbd7 10.Rd1 O-O 11.Nc3 b5 12.Bd3 c5 13.dxc5 Bxc5 14.Ng5 h6 15.Nce4 
hxg5 16.Bxf6 Nxf6 17.Nxc5 Qb6 18.Rac1 Rfd8 19.b4 Rac8 20.Qb2 Ba8 21.a3 Qb8
22.Be2 Rxd1+ 23.Bxd1 Ne4 24.Bf3 Nxc5 25.Rxc5 Bxf3 26.gxf3 Rxc5 27.bxc5 a5 
28.c6 b4 29.Qb3 Qb5 30.axb4 axb4 31.c7 Qc6 32.Qxb4 Qxc7 1/2-1/2